000 01163nam a2200361 i 4500
001 bgj
100 1 _aAUSTEN, Jane
_d(1775-1817)
245 1 0 _aNorthanger Abbey, Lady Susan, The Watsons, and Sanditon /
_cJane Austen ; edited by John Davie.
250 _a[Repr.].
260 _aOxford ;
_aNew York :
_bOxford University Press,
_c1989.
300 _aXXXII, 388 pp ;
_c19 cm.
490 1 _aThe World's Classics
500 _aReprint to the first World's Classics paperback edition of 1980.
504 _aBibliography p. XXVII-XXIX.
505 _aIncludes introduction, note on the text, a chronology of the author.
650 9 _aHorror tales
_xAppreciation
650 9 _aBooks and readings
650 9 _aLove stories, English
651 9 _aEngland
_xSocial life and customs
655 _aFiction
700 1 _aDAVIE, John.
_eeditor
740 0 2 _aNorthanger Abbey
740 0 2 _aLady Susan
740 0 2 _aThe Watsons
740 0 2 _aSanditon
830 _aThe World's Classics
020 _a0192815253 (pbk)
040 _cBPK
041 _aeng
920 _a0-19-281525-3 (pbk)
942 _cKS
008 s uk f |000 0 eng
999 _c50217
_d50217